| 000 | 00380nam a2200157Ia 4500 | ||
|---|---|---|---|
| 008 | 230917s9999||||xx |||||||||||||| ||und|| | ||
| 020 | _cRS125 | ||
| 040 |
_e23880 _aMAIN |
||
| 041 | _aEnglish | ||
| 082 | _a820.7 D139T | ||
| 100 | _aDahiya, Bhim S | ||
| 245 | 0 | _aTeaching English literature | |
| 260 |
_aFaridabad _bLakeside publishers _c1988 |
||
| 300 | _a138 p. | ||
| 942 | _cBK | ||
| 999 |
_c67326 _d67326 |
||